Druhé obléhání Vídně Osmany (1683) v rakouských reáliích
Dôvody, predpoklady a priebeh 2. tureckého obliehania Viedne v roku 1683 na pozadí historického vývoja Európy a Blízkeho východu. Aspekty rakúsko-tureckého boja a koexistencie v priebehu troch storočí. Príchod Turkov na Blízky Východ a ich prenikanie do Európy. Prvé obliehanie Viedne Osmanmi v roku...
Salvato in:
| Autore principale: | |
|---|---|
| Natura: | Capitolo di libro |
| Lingua: | ceco |
| Soggetti: | |
| Tags: |
Nessun Tag, puoi essere il primo ad aggiungerne!!
|
MARC
| LEADER | 00000nla a2200000 4500 | ||
|---|---|---|---|
| 001 | 0239571 | ||
| 005 | 20240502073902.1 | ||
| 041 | 0 | |a cze | |
| 044 | |a SK | ||
| 245 | 1 | 0 | |a Druhé obléhání Vídně Osmany (1683) v rakouských reáliích |c Tomas Maier |
| 520 | |a Dôvody, predpoklady a priebeh 2. tureckého obliehania Viedne v roku 1683 na pozadí historického vývoja Európy a Blízkeho východu. Aspekty rakúsko-tureckého boja a koexistencie v priebehu troch storočí. Príchod Turkov na Blízky Východ a ich prenikanie do Európy. Prvé obliehanie Viedne Osmanmi v roku 1529. Habsbursko-osmanské boje a jednania v 16. a 17. storočí. Druhé obliehanie Viedne Osmanmi v bitka pri Kahlenbergu v roku 1683. | ||
| 610 | 2 | 0 | |a história |
| 610 | 2 | 0 | |a vojny |
| 610 | 2 | 0 | |a Rakúsko |
| 610 | 2 | 0 | |a Turecko |
| 610 | 2 | 0 | |a Európa |
| 610 | 2 | 0 | |a Blízky východ |
| 100 | 1 | |a Maier, Tomas, 1965- | |